| 000 | 00440nam a2200181Ia 4500 | ||
|---|---|---|---|
| 005 | 20250603145924.0 | ||
| 008 | 250603s9999 xx 000 0 und d | ||
| 020 | _a9789386372772 | ||
| 050 | _aTP 690 .A37/ | ||
| 100 | _aAgrawal, Ram Naresh | ||
| 245 | 4 | _aThe processing of petroleum in refineries | |
| 260 | _aNew Delhi | ||
| 260 | _bRandom Publications | ||
| 260 | _c2018 | ||
| 300 | _a248 p | ||
| 650 | _aNew Delhi | ||
| 942 | _cBK | ||
| 999 |
_c43251 _d43251 |
||